000 00990nam a2200289 i 4500
003 EG-ScBUE
005 20250615091607.0
008 171218r1959 nyua f b 001 0 eng d
040 _aEG-ScBUE
_beng
_erda
_cEG-ScBUE
_dEG-ScBUE
082 0 4 _222
_a536.2
_bECK
100 1 _aEckert, E. R. G.
_c(Ernst Rudolf Georg),
_d1904-
_eauthor.
_932438
245 1 0 _aHeat and mass transfer /
_cby E. R. G. Eckert, Robert M. Drake.
264 1 _aNew York :
_bMcGraw-Hill Book Company,
_c[1959]
264 4 _cc1959
300 _axiv, 530 pages :
_billustrations ;
_c24 cm.
336 _2rdacontent
_atext
_btxt
337 _aunmediated
_2rdamedia
_bn
338 _avolume
_bnc
_2rdacarrier
490 0 _aMcGraw-Hill series in mechanical engineering
504 _aIncludes bibliographical references and index.
650 7 _aMass transfer.
_2BUEsh
_937175
651 _2BUEsh
653 _bGGEN
_cDecember2017
655 _vReading book
700 1 _aDrake, Robert M.,
_d1920-
_eauthor.
942 _2ddc
_cBB
999 _c25737
_d25709